000 00854nam a22002417a 4500
005 20180803170348.0
008 170130b2016 ck |||||r|||| 00| 0 spa d
020 _a9789583053443
040 _aCO-BoIAVH
_cCO-BoIAVH
041 _aspa
044 _ack
090 _aI-PAN
_b04
100 1 _aOrozco Velásquez, Diana Maria
_eautora
245 1 _aAmbiente y seres vivos:
_bEquilibrio de los ecosistemas ¿cómo preservar los ecosistemas?
260 _aBogotá:
_bPanamericana editorial,
_c2016.
300 _a32 páginas
_bFotografías, dibujos
_c28 x 25 cm.
650 1 4 _aLiteratura infantil
650 1 4 _aConservación recursos naturales
650 1 4 _aEspecies en peligro
700 _aOrozco Velásquez, Gina Marcela
_eautora
700 _aMontenegro Villalba, Margarita
_eeditora
942 _2z
_cLIBRO
999 _c19257
_d19257